X-6 YENİ BAŞLAYANLAR İÇİN PERİYODİK TABLO (Record no. 587447)

MARC details
000 -LEADER
sabit uzunluktaki kontrol alanı 00301nam a2200109Ia 4500
001 - KONTROL NUMARASI
kontrol alanı 587447
005 - EN SON İŞLEMİN TARİH VE ZAMANI
kontrol alanı 20250717113816.0
008 - SABİT-UZUNLUKTA VERİ ÖĞELERİ--GENEL BİLGİ
sabit uzunluktaki kontrol alanı 250717s9999 xx 000 0 und d
245 #0 - ESER / YAZAR
ESER ADI X-6 YENİ BAŞLAYANLAR İÇİN PERİYODİK TABLO
Yazar Adı GILL ARBUTHNOTT
260 ## - YAYIN, DAĞITIM, VB.
YAYIN EVİ TÜBİTAK YAYINLARI
Yayın, dağıtım tarihi, vb. 2020
300 ## - FİZİKSEL AÇIKLAMA
Diğer fiziksel ayrıntılar 18

No items available.